Betrayal (Record no. 4228)

MARC details
000 -LEADER
fixed length control field 00356nam a22001457a 4500
008 - FIXED-LENGTH DATA ELEMENTS--GENERAL INFORMATION
fixed length control field 250709b |||||||| |||| 00| 0 eng d
020 ## - INTERNATIONAL STANDARD BOOK NUMBER
ISBN 9780593063118
100 ## - MAIN ENTRY--AUTHOR
Author Steel Danielle
245 ## - TITLE STATEMENT
Title Betrayal
260 ## - PUBLICATION, DISTRIBUTION, ETC. (IMPRINT)
Place of publication London
Name of publisher Bantam Press
Date of publication 2012
300 ## - COLLATION
Pagination X, 321p.
650 ## - TRACINGS
Main Subject Woman motion picture
942 ## - ADDED ENTRY ELEMENTS (KOHA)
Item type Books
050 ## - LIBRARY OF CONGRESS CALL NUMBER
Classification number PS3569.T33828
Item number .S74
Holdings
Source of classification or shelving scheme Not for loan Permanent location Current location Date acquired Accession No. Full call number Barcode. Koha item type
Library of Congress Classification   Samuel Ogbemudia Main Library, University of Abuja Samuel Ogbemudia Main Library, University of Abuja 07/09/2025 2025/65221 PS3569.T33828 .S74 2025-2977 Books